000
00230 a2200109 4500
001
50936
040
_c
Anchieta - Pituba
240
1
0
_a
Bem-vindo!
_l
245
1
0
_a
Bem-vindo!
650
4
_a
LĂnguas espanhola e portuguesa
942
_c
MX
999
_c
50936
_d
50936